000 00603nam a2200241Ia 4500
003 OSt
005 20221007101226.0
006 a|||||r|||| 00| 0
007 ta
008 221006b |||||||| |||| 00| 0 eng d
024 _a6,064
037 _cTextual
040 _aLCO
_cLCO
_beng
041 _2eng
_aeng
082 _aZ2,181, L3
100 _aTANDON M P
_9349121
245 0 _aCompany Law. ( In Hindi)
260 _aAllahabad
_bAllah Law Agency
_c1973
300 _a298
650 _aCOMPANY LAW
942 _hZ2,181, L3
_cTEXL
999 _c1175627
_d1175627